00465 2200181 4500245004800000020002200048250001100070100001800081700002200099650001700121005001900138260004200157041001400199084001100213300002300224500002700247336000900274 aJika Aku Tetap Di sinicForman, gaylehText a978-602-03-1322-1 aCet. 9 aForman, gayle apoppy D. chusfani aNovel Remaja a20230130070907 aJakartabGramedia Pustaka Utamac2017 aIndonesia a808.83 a200 hlm. :c20 cm. ajudul asli : If I Stay atext